Spoločná zahraničná a bezpečnostná politika Európskej únie
EÚ ako aktér medzinárodných vzťahov. K vybraným problémom realizácie Spoločnej zahraničnej a bezpečnostnej politiky /SZBP/.
Guardado en:
| Autor principal: | |
|---|---|
| Formato: | Capítulo de libro |
| Lenguaje: | eslovaco |
| Materias: | |
| Etiquetas: |
Sin Etiquetas, Sea el primero en etiquetar este registro!
|
MARC
| LEADER | 00000naa$a2200000$$$4500 | ||
|---|---|---|---|
| 001 | 0002486 | ||
| 005 | 20230825103218.9 | ||
| 041 | 0 | |a slo | |
| 044 | |a SK | ||
| 245 | 1 | 0 | |a Spoločná zahraničná a bezpečnostná politika Európskej únie |c aut. František Škvrnda |
| 520 | |a EÚ ako aktér medzinárodných vzťahov. K vybraným problémom realizácie Spoločnej zahraničnej a bezpečnostnej politiky /SZBP/. | ||
| 610 | 2 | 0 | |a Európska únia |
| 610 | 2 | 0 | |a politika bezpečnostná |
| 610 | 2 | 0 | |a politika zahraničná |
| 100 | 1 | |a Škvrnda, František | |